01641nam a2200349 a 4500001001000000003000500010005001700015008004100032010001100073011001100084040000900095090001000104100003300114245021700147260004100364500006000405502013200465590004000597590004000637590004000677650004300717650004400760650005000804650004900854856007000903901000700973942001000980942000600990999001900996952014001015952013601155000112384CHAP20220329144302.0160308s2016 mx |sm |||||||spa d a108845 a109817 cCHAP aTesis1 aPaleta Ochoa, Alicia912670810aSuplementación de glutamato y reactivación ovarica en la cabras primalas durante la epoca de anestro estacional :h[En línea]befecto sobre los niveles sericos de triyodotironina /cpor Alicia Paleta Ochoa. aBermejillo, Dgo. :bEl autor,c2016. aPara ver el contenido del material haga clic en la liga aTesis (M. C. en Recursos Naturales y Medio Ambiente en Zonas Áridas) -- UACH. Unidad Regional Universitaria de Zonas Áridas aE5652GLJb05c20160308lUCH01h1321 aE5652GLJb05c20160308lUCH01h1327 aE5652GLJb05c20160308lUCH01h132814aGanado cabríoxCiclo estral.913065414aGanado cabríoxReproducción.94504314aGlutamatoxEfecto en ganado cabrío.912953714aHormonasxEfecto en ganado cabrío.9129536 aFinding aiduhttp://10.13.5.2/tesis/sist112384.pdfzTeclea aquí aBK cTESIS n0 c108845d108845 00102local4053708TESISaBCbBCcPA_TESISd2016-03-08fTESISl0oTesisp33724002517611r2019-12-31 00:00:00tc.2w2019-12-31yTESIS 00104054718TESISaBCbBCd2016-03-08fTESISl0oTesisp33724002517652r2019-12-31 00:00:00w2019-12-31yTESISzRecien adquirido